[Event "CZE-chT2A 2223"]
[Site "Czech Republic"]
[Date "2023.03.26"]
[Round "11.7"]
[White "Bludsky, Hynek"]
[Black "Petras, Milan"]
[Result "1/2-1/2"]
[WhiteElo "1505"]
[BlackElo "1861"]
[PlyCount "130"]
[EventDate "2022.10.16"]
[EventType "team-tourn"]
[EventRounds "11"]
[EventCountry "CZE"]
[SourceTitle "EXT 2024"]
[Source "ChessBase"]
[SourceDate "2023.10.10"]
[SourceVersion "1"]
[SourceVersionDate "2023.10.10"]
[SourceQuality "1"]
[WhiteTeam "Plzen"]
[BlackTeam "Pribram"]
[WhiteTeamCountry "CZE"]
[BlackTeamCountry "CZE"]

1. e4 e6 2. d4 d5 3. Nc3 Bb4 4. Nge2 dxe4 5. a3 Be7 6. Nxe4 Nd7 7. c3 Ngf6 8. N2g3 0-0 9. Bd3 b6 10. 0-0 Bb7 11. Qc2 h6 12. Be3 Nd5 13. Rae1 f5 14. Bc4 f4 15. Bd2 fxg3 16. Nxg3 Bg5 17. Rxe6 Bxd2 18. Qxd2 Rf6 19. Qe2 Kh8 20. Re1 Qf8 21. Re8 Rxe8 22. Qxe8 Qxe8 23. Rxe8+ Rf8 24. Re6 N7f6 25. f3 Re8 26. Rxe8+ Nxe8 27. Kf2 g6 28. Bd3 Kg7 29. Ne2 c6 30. c4 Ne7 31. g4 Kf6 32. Kg3 c5 33. d5 Nd6 34. a4 g5 35. Kf2 Ng6 36. Bxg6 Kxg6 37. b3 Bc8 38. Nc1 Kf6 39. Ke3 Bd7 40. Nd3 Nb7 41. h3 Na5 42. Nc1 h5 43. Ke4 hxg4 44. hxg4 Nb7 45. Ke3 Nd6 46. Nd3 Nf7 47. Ke4 Nd6+ 48. Ke3 Nc8 49. a5 Ne7 50. axb6 axb6 51. Nf2 Ng8 52. Ke4 Be8 53. f4 Bg6+ 54. f5 Be8 55. Nd3 Nh6 56. Nf2 Bd7 57. Ke3 Ke5 58. Nd3+ Kd6 59. Nf2 Nxg4+ 60. Nxg4 Bxf5 61. Nf2 Bc2 62. Ne4+ Ke5 63. Nxg5 Bxb3 64. Nf3+ Kd6 65. Nd2 Bxc4 1/2-1/2

[Event "CZE-chT U12"]
[Site "Jihlava"]
[Date "2022.06.12"]
[Round "8.1"]
[White "Bludsky, Hynek"]
[Black "Jezek, Jakub"]
[Result "1-0"]
[WhiteElo "1355"]
[BlackElo "1429"]
[PlyCount "113"]
[EventDate "2022.06.10"]
[EventType "team-swiss"]
[EventRounds "9"]
[EventCountry "CZE"]
[SourceTitle "CBM 209 Extra"]
[Source "ChessBase"]
[SourceDate "2022.09.30"]
[SourceVersion "1"]
[SourceVersionDate "2022.09.30"]
[SourceQuality "1"]
[WhiteTeam "Plzen 64 U12"]
[BlackTeam "Plzen Sokol U12"]
[WhiteTeamCountry "CZE"]
[BlackTeamCountry "CZE"]

1. e4 c5 2. Nf3 Nc6 3. d4 cxd4 4. Nxd4 g6 5. Nc3 Bg7 6. Be3 Nf6 7. Bc4 0-0 8. Bb3 d6 9. f3 Bd7 10. Qd2 Rc8 11. h4 h5 12. 0-0-0 Na5 13. Kb1 Nc4 14. Bxc4 Rxc4 15. Nb3 a5 16. Qf2 a4 17. Nd2 Rc8 18. Bd4 b5 19. Bb6 Qe8 20. Ba5 Ra8 21. Bb4 Qb8 22. a3 Rc8 23. Rhe1 e6 24. Nf1 Ne8 25. Ne3 Ra6 26. Qd2 Bf6 27. g3 Bd8 28. Re2 Ba5 29. Bxa5 Rxa5 30. Ncd5 Ra7 31. Ne7+ Kh7 32. Nxc8 Qxc8 33. Qb4 Rb7 34. Rd3 Rb6 35. Rc3 Rc6 36. Rxc6 Qxc6 37. Rd2 Qb6 38. Qd4 Qc7 39. c4 bxc4 40. Qxc4 Qb8 41. f4 Qa7 42. Qd4 Qb8 43. Nc4 e5 44. fxe5 Bb5 45. exd6 Bxc4 46. Qxc4 Nxd6 47. Qd5 Ne8 48. Qxf7+ Ng7 49. Rd7 Qe5 50. Qxg7+ Qxg7 51. Rxg7+ Kxg7 52. b4 Kf6 53. Kc2 Ke5 54. Kd3 Ke6 55. Kd4 Kd6 56. b5 Kd7 57. e5 1-0